| 000 | 01026cpmaa2200265 4500 | ||
|---|---|---|---|
| 001 | mm 82003821 | ||
| 003 | DLC | ||
| 005 | 20260227111711.0 | ||
| 008 | 821220|||||||||||| eng | ||
| 010 | _amm 82003821 | ||
| 040 |
_aDLC _cDLC |
||
| 072 | 7 |
_aL _2lcmd |
|
| 100 | 1 |
_aBingham, Hiram, _d1831-1908. |
|
| 245 | 0 | 0 |
_aVocabulary of Gilbert Island words, _fundated. |
| 300 |
_a1 _fitem. |
||
| 506 | 0 | _aOpen to research. | |
| 520 | 8 | _aVocabulary in English with equivalent words written in the native dialect used in the Gilbert Islands (later Kiribati), compiled by Bingham. | |
| 545 | 0 | _aMissionary. | |
| 546 | _aCollection material in English and the native dialect of Kiribati. | ||
| 580 | _aForms part of: Miscellaneous Manuscripts collection. | ||
| 651 | 0 | _aKiribati. | |
| 650 | 0 | _aLanguage and languages. | |
| 999 |
_c43345 _d43345 |
||